000 01738nam a22002657a 4500
003 Uzh_bibl
008 230906b |||||||| |||| 00| 0 ukr d
020 _a978-966-03-7113-2
_c178.26
040 _bукр.
041 _2ukr
_aukr
080 _a821(477)
090 _a821(477)
_bС 16
100 _aСаліпа,Ольга
245 _aБрошка гімназистки
_cхудож.-оформлювач М.С.Мендор
_hТекст
260 _aХарків
_bФоліо
_c2022
300 _a318 с.
_fВ опр.
490 _aСерія"Ретророман"
520 _aНаталія Харюзова, директорка приватного жіночого пансіонату в Проскурові, понад усе мріє, щоб заклад отримав статус гімназії. Бездоганна репутація — запорука успіху в цій справі. Але провокації недругів усе можуть звести на пси. Пансіонат опиняється у центрі політичних злочинів, а сестра директорки тікає від її надмірної опіки з коханим. Чи зможе Харюзова, яка й сама опиняється під арештом, вистояти і здійснити свою мрію? І головне — хто ж у цій історії справді на її боці?
521 _aДля широкого кола читачів
546 _aукр.
650 _aЛітературно-художне видання
653 _aПансіонат
_aЗлочин
_aМрія
655 _aДетектив
_vроман
942 _2udc
_cBK
999 _c7043
_d7043